Workshoppers all India Engineering products directory 1995. (Record no. 40667)

MARC details
000 -LEADER
fixed length control field 00318nam a2200109Ia 4500
082 ## - DEWEY DECIMAL CLASSIFICATION NUMBER
Classification number 62(058)(540)1995
Item number WOR
245 #0 - TITLE STATEMENT
Title Workshoppers all India Engineering products directory 1995.
260 ## - PUBLICATION, DISTRIBUTION, ETC. (IMPRINT)
Place of publication Madras
Name of publisher Prospex India
Year of publication 1995
650 ## - SUBJECT ADDED ENTRY--TOPICAL TERM
Topical Term Rubber machinery
942 ## - ADDED ENTRY ELEMENTS (KOHA)
Koha item type Books
Holdings
Withdrawn status Lost status Damaged status Not for loan Home library Current library Date acquired Cost, normal purchase price Full call number Accession Number Koha item type
        RRII Library RRII Library 16/12/2021 300.00 62(058)(540)1995 WOR 20965 Books